| 000 | 00505nam a22001577a 4500 | ||
|---|---|---|---|
| 008 | 160213b xxu||||| |||| 00| 0 eng d | ||
| 020 | _a971-725-021-9 | ||
| 082 |
_22014 _a DFil 808.066 _bV79t |
||
| 100 |
_92871 _aVinuya, Remedios V. |
||
| 245 |
_aTechnical research and report writing/ _cRemedios V. Vinuya. |
||
| 260 |
_aPateros, Manila: _bGrandbooks Publishing, _cc2014. |
||
| 300 |
_aviii, 195 pages; _c22 cm. |
||
| 650 | 0 |
_92872 _aTechnical writing |
|
| 650 | 0 |
_92873 _aReport writing |
|
| 942 |
_2ddc _cBK |
||
| 999 |
_c1060 _d1060 |
||